ბათუმის შოთა რუსთაველის სახელმწიფო უნივერსიტეტის ბიბლიოთეკა

ქუთაისის გარემოს გამაბინძურებელ აგენტთა გავლენა მოსახლეობის ჯანმრთელობაზე / (ბიბ.ჩანაწერი № 39906)

000 -ლიდერი
ფიქსირებული სიგრძის საკონტროლო ველი 01295nam a2200253Ia 4500
001 - საკონტროლო ნომერი
საკონტროლო ველი 6511
003 - საკონტროლო ნომრის იდენტიფიკატორი
საკონტროლო ველი GE_BSU
005 - ბოლო ოპერაციის თარიღი და დრო
საკონტროლო ველი 20191024110138.0
008 - ფიქსირებული სიგრძის მონაცემთა ელემენტები - ზოგადი ინფორმაცია
ფიქსირებული სიგრძის საკონტროლო ველი 181216s2009||||ge |||||||||||||| ||geo||
020 ## - წიგნის საერთაშორისო სტანდარტული ნომერი
International Standard Book Number 9789941905087
040 ## - კატალოგიზაციის წყარო
Transcribing agency GE_BSU
041 ## - ენის კოდი
Language code of text/sound track or separate title geo
080 ## - უნივერსალური ათობითი კლასიფიკაციის ინდექსი
Universal Decimal Classification number 504.5(479.22) თ-77
100 ## - მთავარი ჩანაწერი - პიროვნების სახელი
Personal name თოფურია, თეონა
9 (RLIN) 4978
245 ## - ცნობა სათაურის შესახებ
Title ქუთაისის გარემოს გამაბინძურებელ აგენტთა გავლენა მოსახლეობის ჯანმრთელობაზე /
Statement of responsibility, etc თეონა თოფურია, ცირა ჟორჟოლიანი, ემზარ გორდაძე ; რედ. თენგიზ გორდეზიანი.
264 ## - წარმოების, გამოცემის, დისტრიბუციის და სხვა ცნობები
გამოცემის, წარმოების, დისტრიბუციის... ადგილი ქუთაისი :
გამოცემის, წარმოების, დისტრიბუციის... სახელწოდება ლამპარი,
გამოცემის, წარმოების, დისტრიბუციის... თარიღი 2009.
300 ## - ფიზიკური აღწერა
Extent 112 გვ.;
Other physical details 20 სმ.
504 ## - BIBLIOGRAPHY, ETC. NOTE
Bibliography, etc ბიბლიოგრ.: გვ. 110-112.
520 ## - SUMMARY, ETC.
Summary, etc რეზ. ინგლ..
653 ## - INDEX TERM--UNCONTROLLED
Uncontrolled term გარემოს დაბინძურება მავნე ნივთიერებებით;
700 ## - ADDED ENTRY--PERSONAL NAME
Personal name ჟორჟოლიანი, ცირა
Relator term ავტორი
9 (RLIN) 4979
700 ## - ADDED ENTRY--PERSONAL NAME
Personal name გორდაძე, ემზარ
Relator term ავტორი
9 (RLIN) 4980
942 ## - ADDED ENTRY ELEMENTS (KOHA)
Koha item type წიგნი
Source of classification or shelving scheme
ეგზემპლარები
ჩამოწერის სტატუსი დაკარგული ეგზემპლარის სტატუსი კლასიფიკაციის წყარო ან თაროზე გაწყობის სქემა დაზიანების სტატუსი არ გაიცემა მუდმივი მდებარეობა (დაცვის ადგილი) ამჟამინდელი ადგილსამყოფელი თაროზე განთავსების ადგილი შეძენის თარიღი სრული შენახვის შიფრი შტრიხკოდი ბოლო ოპერაციის თარიღი ეგზემპლარის მიმდევრობითი ნომერი (კეტერი?) ფასის ძალაში შესვლის თარიღი ეგზემპლარის სახეობა
          ბათუმის შოთა რუსთაველის სახელმწიფო უნივერსიტეტის მთავარი ბიბლიოთეკა ბათუმის შოთა რუსთაველის სახელმწიფო უნივერსიტეტის მთავარი ბიბლიოთეკა წიგნსაცავი 2018-12-17 504.5(479.22) თ-77 6465 2018-12-17 6465 2018-12-17 წიგნი